[Event "MNT-chT"]
[Site "Herceg Novi"]
[Date "2024.04.29"]
[Round "3.12"]
[White "Jeknic, Velimir"]
[Black "Scekic, Veljko"]
[Result "0-1"]
[WhiteElo "1915"]
[BlackElo "2186"]
[PlyCount "20"]
[EventDate "2024.04.27"]
[EventType "team-tourn"]
[EventRounds "9"]
[EventCountry "MNE"]
[SourceTitle "CB19_2024"]
[SourceDate "2024.05.08"]
[SourceVersion "1"]
[SourceVersionDate "2024.05.08"]
[SourceQuality "1"]
[WhiteTeam "Prosvjeta"]
[BlackTeam "Buducnost"]
[WhiteTeamCountry "MNE"]
[BlackTeamCountry "MNE"]

1. e4 e5 2. Nf3 Nf6 3. Nxe5 d6 4. Nf3 Nxe4 5. Nc3 Nxc3 6. dxc3 Be7 7. Bd3 Nc6 8. h3 Be6 9. 0-0 0-0 10. Nd4 Nxd4 0-1

[Event "MNT-chT"]
[Site "Herceg Novi"]
[Date "2023.05.06"]
[Round "7.1"]
[White "Kisic, Bozidar"]
[Black "Jeknic, Velimir"]
[Result "1-0"]
[WhiteElo "2227"]
[BlackElo "1913"]
[PlyCount "79"]
[EventDate "2023.05.01"]
[EventType "team-tourn"]
[EventRounds "9"]
[EventCountry "MNE"]
[SourceTitle "CBM 214 Extra"]
[Source "ChessBase"]
[SourceDate "2023.07.31"]
[SourceVersion "1"]
[SourceVersionDate "2023.07.31"]
[SourceQuality "1"]
[WhiteTeam "Elektroprivreda"]
[BlackTeam "Prosvjeta"]
[WhiteTeamCountry "MNE"]
[BlackTeamCountry "MNE"]

1. d4 e6 2. Nf3 c5 3. e4 d5 4. dxc5 Bxc5 5. exd5 exd5 6. Nc3 Be6 7. Bd3 Nf6 8. 0-0 0-0 9. Bg5 Nc6 10. a3 Be7 11. h3 a6 12. Ne2 Ne4 13. Bxe7 Qxe7 14. c3 Rad8 15. Ned4 Ng5 16. Nxg5 Qxg5 17. f4 Qh4 18. Nxc6 bxc6 19. Qe1 Qf6 20. Bxa6 d4 21. Qe5 Qxe5 22. fxe5 Rb8 23. b4 dxc3 24. Rfc1 Rfd8 25. Rxc3 Rd2 26. Bc4 Bd5 27. Bxd5 cxd5 28. Rac1 Kf8 29. Rc7 Re2 30. Rf1 Rxe5 31. Rfxf7+ Ke8 32. Rxg7 Kd8 33. Rcd7+ Ke8 34. Ra7 Kd8 35. Rg8+ Re8 36. Rxe8+ Kxe8 37. Rxh7 Rb6 38. Kf2 Re6 39. a4 Re4 40. a5 1-0

[Event "MNT-ch 75th"]
[Site "Podgorica"]
[Date "2023.02.05"]
[Round "1"]
[White "Kisic, Bozidar"]
[Black "Jeknic, Velimir"]
[Result "1-0"]
[WhiteElo "2303"]
[BlackElo "1917"]
[PlyCount "105"]
[EventDate "2023.02.05"]
[EventType "swiss"]
[EventRounds "9"]
[EventCountry "MNE"]
[SourceTitle "CBM 212 Extra"]
[Source "ChessBase"]
[SourceDate "2023.03.31"]
[SourceVersion "1"]
[SourceVersionDate "2023.03.31"]
[SourceQuality "1"]

1. d4 e6 2. Bf4 c5 3. e3 Qb6 4. Nc3 cxd4 5. exd4 a6 6. Rb1 Nf6 7. Nf3 Bb4 8. Bd3 Nc6 9. a3 Be7 10. Ne2 Qa5+ 11. c3 h6 12. 0-0 g5 13. Bd2 g4 14. Ne1 Qc7 15. c4 d5 16. Bf4 Bd6 17. Bxd6 Qxd6 18. c5 Qc7 19. b4 e5 20. dxe5 Nxe5 21. Nd4 Rg8 22. Qe2 Kf8 23. Qe3 Rg5 24. g3 Bd7 25. c6 bxc6 26. f4 gxf3 27. Ndxf3 Rh5 28. Nxe5 Qxe5 29. Qxe5 Rxe5 30. Rxf6 Kg7 31. Rf2 Rae8 32. Ng2 Bh3 33. Rbf1 R5e7 34. Bf5 Bxg2 35. Kxg2 a5 36. Rb1 axb4 37. Rxb4 Re2 38. Bd3 R2e3 39. Rg4+ Kf8 40. Bh7 R8e6 41. a4 c5 42. Rgf4 f6 43. Ra2 Ke7 44. a5 Ra6 45. Rf5 Re5 46. Rxe5+ fxe5 47. Bf5 Kd8 48. g4 c4 49. h4 Kc7 50. g5 Kb8 51. g6 Ra7 52. Be6 c3 53. Bf7 1-0

[Event "MNT Team Cup"]
[Site "Herceg Novi"]
[Date "2022.05.21"]
[Round "2.3"]
[White "Jeknic, Velimir"]
[Black "Tomasevic, Milutin"]
[Result "1-0"]
[WhiteElo "1919"]
[BlackElo "1669"]
[PlyCount "67"]
[EventDate "2022.05.20"]
[EventType "swiss"]
[EventRounds "5"]
[EventCountry "MNE"]
[SourceTitle "CBM 208 Extra"]
[Source "ChessBase"]
[SourceDate "2022.07.31"]
[SourceVersion "1"]
[SourceVersionDate "2022.07.31"]
[SourceQuality "1"]

1. e4 c5 2. d4 cxd4 3. c3 dxc3 4. Nxc3 Nc6 5. Nf3 d6 6. Bc4 e6 7. 0-0 Nf6 8. Qe2 a6 9. Rd1 Qc7 10. Bg5 Be7 11. Rac1 0-0 12. Bb3 Qb8 13. a3 h6 14. Be3 Na5 15. Bc2 b5 16. Nd2 Bb7 17. f4 Bc6 18. g4 b4 19. Na4 Qb7 20. Bf2 Nd7 21. h4 Nc5 22. Nxc5 dxc5 23. g5 hxg5 24. hxg5 g6 25. Qg4 Kg7 26. Bg3 Rh8 27. f5 exf5 28. exf5 gxf5 29. Qxf5 Rh1+ 30. Kf2 c4 31. Be5+ Kg8 32. Ne4 Bxe4 33. Bxe4 Bc5+ 34. Kg2 1-0

[Event "MNT-ch 74th"]
[Site "Podgorica"]
[Date "2022.02.21"]
[Round "3"]
[White "Vujacic, Igor"]
[Black "Jeknic, Velimir"]
[Result "1/2-1/2"]
[WhiteElo "2204"]
[BlackElo "1937"]
[PlyCount "83"]
[EventDate "2022.02.19"]
[EventType "swiss"]
[EventRounds "9"]
[EventCountry "MNE"]
[SourceTitle "EXT 2023"]
[Source "ChessBase"]
[SourceDate "2022.10.05"]
[SourceVersion "1"]
[SourceVersionDate "2022.10.05"]
[SourceQuality "1"]

1. e4 Nc6 2. Nf3 e5 3. d4 exd4 4. Nxd4 Nf6 5. Nxc6 dxc6 6. Qxd8+ Kxd8 7. Bg5 Be7 8. Nc3 Ke8 9. 0-0-0 Ng4 10. Bxe7 Kxe7 11. Rd2 Be6 12. h3 Nf6 13. g4 Rad8 14. Be2 g5 15. h4 h6 16. Rxd8 Rxd8 17. hxg5 hxg5 18. f3 b5 19. b3 a6 20. Nd1 Nd7 21. Rh5 Kf6 22. Nf2 Ne5 23. Nd3 Nxd3+ 24. Bxd3 c5 25. e5+ Kxe5 26. Rxg5+ Kf4 27. Rxc5 Kxf3 28. Bf5 Rd6 29. Rxc7 Bxf5 30. gxf5 Rf6 31. Rc5 Ke4 32. Kb2 Rxf5 33. Rc6 a5 34. Ra6 b4 35. a3 Rb5 36. Rf6 Rb7 37. Ra6 Rb5 38. Rf6 Rb7 39. a4 Rc7 40. Ra6 Rc5 41. Rf6 Rc7 42. Ra6 1/2-1/2

[Event "Podgorica Buducnost op"]
[Site "Podgorica"]
[Date "2021.11.20"]
[Round "2"]
[White "Radulovic, Aleksa"]
[Black "Jeknic, Velimir"]
[Result "0-1"]
[WhiteElo "1274"]
[BlackElo "1939"]
[PlyCount "68"]
[EventDate "2021.11.19"]
[EventType "swiss"]
[EventRounds "5"]
[EventCountry "MNE"]
[SourceTitle "CBM 205 Extra"]
[Source "ChessBase"]
[SourceDate "2022.01.31"]
[SourceVersion "1"]
[SourceVersionDate "2022.01.31"]
[SourceQuality "1"]

1. e4 Nc6 2. d4 e5 3. d5 Nce7 4. Nf3 Ng6 5. Nc3 Bc5 6. Bc4 Nf6 7. 0-0 0-0 8. Be3 Qe7 9. Qd2 Bb4 10. Bd3 c6 11. Bg5 h6 12. Bxf6 Qxf6 13. a3 Ba5 14. Rfe1 Nf4 15. Bf1 d6 16. h3 Nxh3+ 17. gxh3 Qxf3 18. b4 Bb6 19. Na4 Bxh3 20. Nxb6 Bxf1 21. Kxf1 axb6 22. dxc6 Qh1+ 23. Ke2 Qxe4+ 24. Kd1 Qxc6 25. Re3 Rfc8 26. Rg3 Qh1+ 27. Qe1 Qxe1+ 28. Kxe1 Rxc2 29. Rd3 Rd8 30. Rd5 Kf8 31. Rb5 Rc6 32. a4 Rd7 33. a5 bxa5 34. Raxa5 Ke7 0-1

[Event "MNT-chT 1st League"]
[Site "Sutomore"]
[Date "2021.07.31"]
[Round "1.4"]
[White "Jeknic, Velimir"]
[Black "Podlesnik, Bogdan"]
[Result "1/2-1/2"]
[WhiteElo "1936"]
[BlackElo "2325"]
[PlyCount "140"]
[EventDate "2021.07.31"]
[EventType "team-tourn"]
[EventRounds "9"]
[EventCountry "MNE"]
[SourceTitle "EXT 2022"]
[Source "ChessBase"]
[SourceDate "2021.10.06"]
[SourceVersion "1"]
[SourceVersionDate "2021.10.06"]
[SourceQuality "1"]
[WhiteTeam "Prosvjeta"]
[BlackTeam "Crnogorac"]
[WhiteTeamCountry "MNE"]
[BlackTeamCountry "MNE"]

1. e4 c5 2. d4 cxd4 3. c3 dxc3 4. Nxc3 e6 5. Nf3 a6 6. Bc4 b5 7. Bb3 Bb7 8. Qe2 Nf6 9. e5 b4 10. Na4 Nd5 11. 0-0 Be7 12. Rd1 0-0 13. Qe4 Bc6 14. Nd4 Qa5 15. Nxc6 Nxc6 16. Bc2 f5 17. Qe1 Rac8 18. Bb3 Rfd8 19. Rd3 Nb6 20. Nxb6 Qxb6 21. Rxd7 Kf7 22. Be3 Qb5 23. Rxd8 Rxd8 24. f4 Na5 25. Bd1 Nc4 26. Be2 Bc5 27. Bxc4 Bxe3+ 28. Qxe3 Qxc4 29. Rc1 Qxa2 30. Qa7+ Kg8 31. Qe7 Qd5 32. h3 Qd7 33. Qxb4 h6 34. Kh2 Kh7 35. Rc3 Qd2 36. Rc4 Qe2 37. Rc7 Qd2 38. Qxd2 Rxd2 39. Ra7 Rxb2 40. Rxa6 Rb4 41. Kg3 Rb3+ 42. Kh2 Rb4 43. Kg3 Rb3+ 44. Kh4 Rb4 45. g3 g5+ 46. Kh5 gxf4 47. gxf4 Rxf4 48. Rxe6 Rf3 49. h4 f4 50. Re7+ Kg8 51. Kg6 Rg3+ 52. Kf6 f3 53. Re8+ Kh7 54. Rf8 Rg4 55. Ke7 Rxh4 56. Rxf3 h5 57. Kf7 Rg4 58. e6 Rg7+ 59. Kf6 Rg6+ 60. Ke5 Kg7 61. Kd6 Rg1 62. Rd3 Kf8 63. Kd7 Rg7+ 64. Kd8 Ra7 65. Rf3+ Kg7 66. Ke8 Ra8+ 67. Kd7 Ra7+ 68. Kd6 Ra6+ 69. Kd5 Ra5+ 70. Ke4 Ra4+ 1/2-1/2

[Event "MNT-ch 73rd"]
[Site "Podgorica"]
[Date "2021.05.04"]
[Round "2"]
[White "Popovic, Mateja"]
[Black "Jeknic, Velimir"]
[Result "1-0"]
[WhiteElo "1723"]
[BlackElo "1956"]
[PlyCount "67"]
[EventDate "2021.05.03"]
[EventType "swiss"]
[EventRounds "9"]
[EventCountry "MNE"]
[SourceTitle "CBM 202 Extra"]
[Source "ChessBase"]
[SourceDate "2021.07.31"]
[SourceVersion "1"]
[SourceVersionDate "2021.07.31"]
[SourceQuality "1"]

1. d4 Nf6 2. Nf3 g6 3. Bg5 Bg7 4. Nbd2 d6 5. c3 0-0 6. e4 Nc6 7. Bd3 h6 8. Bxf6 Bxf6 9. 0-0 e5 10. d5 Ne7 11. c4 Bg7 12. b4 f5 13. c5 f4 14. Qb3 g5 15. h3 Ng6 16. Nh2 h5 17. Be2 f3 18. Bxf3 Nf4 19. Qd1 Qe8 20. cxd6 cxd6 21. Kh1 Qg6 22. g3 Nxh3 23. Bxh5 Qh6 24. Kg2 Qf6 25. f3 Qh6 26. Bg4 Rf4 27. Bxc8 Rxc8 28. Ng4 Rxg4 29. fxg4 Rc3 30. Rh1 Rxg3+ 31. Kxg3 Qh4+ 32. Kg2 Nf4+ 33. Kf3 Nh3 34. Qf1 1-0

[Event "MNT-chT 1st League"]
[Site "Podgorica"]
[Date "2019.07.26"]
[Round "7.2"]
[White "Jeknic, Velimir"]
[Black "Vih, Antun"]
[Result "1-0"]
[WhiteElo "1916"]
[BlackElo "2114"]
[PlyCount "97"]
[EventDate "2019.07.20"]
[EventType "team-tourn"]
[EventRounds "9"]
[EventCountry "MNE"]
[SourceTitle "EXT 2020"]
[Source "ChessBase"]
[SourceDate "2019.10.17"]
[SourceVersion "1"]
[SourceVersionDate "2019.10.17"]
[SourceQuality "1"]
[WhiteTeam "Prosvjeta"]
[BlackTeam "Kotor"]
[WhiteTeamCountry "MNE"]
[BlackTeamCountry "MNE"]

1. e4 c5 2. d4 cxd4 3. c3 Nf6 4. e5 Nd5 5. Nf3 Nc6 6. Bc4 e6 7. Bxd5 exd5 8. 0-0 d6 9. exd6 Qxd6 10. Nxd4 Be7 11. Nb5 Qd8 12. Bf4 0-0 13. Nc7 Rb8 14. Qxd5 Be6 15. Qd2 Rc8 16. Qxd8 Rcxd8 17. Nxe6 fxe6 18. Be3 Rd7 19. Nd2 b6 20. Nf3 Rfd8 21. Rfe1 h6 22. Kf1 Bf6 23. Ke2 Kf7 24. Rad1 e5 25. Rxd7+ Rxd7 26. Rd1 Rxd1 27. Kxd1 Ke6 28. Ke2 Kd5 29. Nd2 b5 30. f3 a6 31. Kd3 Be7 32. Ne4 Nd8 33. b3 Nb7 34. Bf2 Bf8 35. h4 h5 36. Be3 Be7 37. g3 Bd8 38. Bf2 Be7 39. Bb6 Kc6 40. Ba7 Kd5 41. Nd2 Bc5 42. Bxc5 Nxc5+ 43. Ke3 Ke6 44. Ne4 Nd7 45. Kd3 Kd5 46. Ke3 Ke6 47. Nf2 Kd5 48. Nd3 Ke6 49. f4 1-0

[Event "MNT-chT 1st League"]
[Site "Podgorica"]
[Date "2019.07.24"]
[Round "5.6"]
[White "Sukovic, Darko"]
[Black "Jeknic, Velimir"]
[Result "0-1"]
[WhiteElo "1827"]
[BlackElo "1916"]
[PlyCount "48"]
[EventDate "2019.07.20"]
[EventType "team-tourn"]
[EventRounds "9"]
[EventCountry "MNE"]
[SourceTitle "EXT 2020"]
[Source "ChessBase"]
[SourceDate "2019.10.17"]
[SourceVersion "1"]
[SourceVersionDate "2019.10.17"]
[SourceQuality "1"]
[WhiteTeam "Buducnost Omladinac"]
[BlackTeam "Prosvjeta"]
[WhiteTeamCountry "MNE"]
[BlackTeamCountry "MNE"]

1. d4 e6 2. Nf3 c5 3. c3 Nf6 4. Bf4 Qb6 5. Qc1 Nc6 6. e3 cxd4 7. cxd4 Bb4+ 8. Nbd2 d5 9. Bd3 Bd7 10. a3 Be7 11. b3 Rc8 12. Qb2 0-0 13. 0-0 Nh5 14. Bg3 Nxg3 15. hxg3 Bf6 16. Rfc1 Rfe8 17. Rc5 Qxc5 18. Bxh7+ Kf8 19. Ng5 Nxd4 20. Qb1 Nf5 21. Bxf5 Bxg5 22. Bg4 Bf6 23. Nf3 Bxa1 24. Qh7 Ke7 0-1

[Event "MNT-chT 1st League"]
[Site "Podgorica"]
[Date "2019.07.20"]
[Round "1.5"]
[White "Jeknic, Velimir"]
[Black "Batricevic, Jovo"]
[Result "1-0"]
[WhiteElo "1916"]
[BlackElo "2184"]
[PlyCount "225"]
[EventDate "2019.07.20"]
[EventType "team-tourn"]
[EventRounds "9"]
[EventCountry "MNE"]
[SourceTitle "EXT 2020"]
[Source "ChessBase"]
[SourceDate "2019.10.17"]
[SourceVersion "1"]
[SourceVersionDate "2019.10.17"]
[SourceQuality "1"]
[WhiteTeam "Prosvjeta"]
[BlackTeam "Crnogorac"]
[WhiteTeamCountry "MNE"]
[BlackTeamCountry "MNE"]

1. e4 c6 2. d4 d5 3. e5 c5 4. Nf3 Nc6 5. Bb5 Bg4 6. c3 Bxf3 7. Qxf3 e6 8. 0-0 Qb6 9. Bxc6+ bxc6 10. dxc5 Bxc5 11. Qg3 Kf8 12. b4 Be7 13. Be3 Qd8 14. Nd2 h5 15. Nb3 Nh6 16. Nd4 Rc8 17. Qf3 Kg8 18. h3 c5 19. bxc5 Bxc5 20. Rab1 Bb6 21. Bd2 Qh4 22. Nb5 Nf5 23. Rb4 Qe7 24. Rfb1 Bc5 25. Nd6 Nxd6 26. exd6 Qxd6 27. Rb7 Rf8 28. Bg5 Qe5 29. Bf4 Qf5 30. R1b5 Bb6 31. a4 g5 32. Bd6 Qxf3 33. gxf3 Rc8 34. a5 Bd8 35. Rxa7 Bf6 36. Rbb7 Kg7 37. Rxf7+ Kg6 38. Bb4 Bxc3 39. Bxc3 Rxc3 40. Rg7+ Kf6 41. Raf7+ Ke5 42. Rxg5+ Kd6 43. a6 Ra3 44. a7 d4 45. Kh2 d3 46. Rg1 Rd8 47. Rd1 Ke5 48. Rb7 Rd5 49. Kg3 Kd4 50. Rb3 Rxa7 51. Rdxd3+ Ke5 52. Re3+ Kf5 53. Re4 Rg7+ 54. Kh4 Rgd7 55. Rb6 Re7 56. Rb8 Rd3 57. Rf8+ Kg6 58. Re5 Rd4+ 59. Re4 Rd2 60. Kg3 Rd5 61. f4 Rd3+ 62. Re3 Rd1 63. f5+ Kg7 64. Ra8 Rd6 65. Ra5 Kf6 66. fxe6 h4+ 67. Kxh4 Rg7 68. Re4 Rd8 69. Rg4 Rh7+ 70. Kg3 Rd3+ 71. f3 Kxe6 72. Rg6+ Kf7 73. Rb6 Rg7+ 74. Kf4 Kg8 75. Rb8+ Kh7 76. Rh5+ Kg6 77. Rg5+ Kh7 78. Rxg7+ Kxg7 79. Rb6 Rd4+ 80. Kg3 Rd1 81. h4 Rg1+ 82. Kf4 Rh1 83. Kg3 Rg1+ 84. Kh2 Rf1 85. Kg2 Ra1 86. Rb5 Kf6 87. Kg3 Rg1+ 88. Kf4 Rh1 89. Rf5+ Ke6 90. Rh5 Kf6 91. Kg3 Rg1+ 92. Kh2 Rg8 93. Ra5 Rg7 94. h5 Rg8 95. Kh3 Rg1 96. Rb5 Kf7 97. Kh4 Kf6 98. h6 Kg6 99. Rb6+ Kf5 100. Kh3 Kf4 101. Kh2 Rg8 102. Rf6+ Kg5 103. Ra6 Kf4 104. h7 Rh8 105. Ra7 Kxf3 106. Kh3 Kf4 107. Kh4 Kf5 108. Kh5 Rb8 109. Rf7+ Ke6 110. Kg6 Rb1 111. Rf5 Rg1+ 112. Rg5 Rh1 113. Kg7 1-0

[Event "EU-ch Amateur U2000"]
[Site "Niksic"]
[Date "2018.06.20"]
[Round "8"]
[White "Jeknic, Velimir"]
[Black "Tardi, Oscar"]
[Result "1-0"]
[WhiteElo "1922"]
[BlackElo "1868"]
[PlyCount "145"]
[EventDate "2018.06.14"]
[EventType "swiss"]
[EventRounds "9"]
[EventCountry "MNE"]
[SourceTitle "EXT 2019"]
[Source "ChessBase"]
[SourceDate "2018.10.10"]
[SourceVersion "1"]
[SourceVersionDate "2018.10.10"]
[SourceQuality "1"]

1. e4 d6 2. d4 Nf6 3. Bd3 e5 4. c3 Nc6 5. Ne2 Be7 6. d5 Nb8 7. 0-0 Nbd7 8. f3 0-0 9. Be3 Nc5 10. Bc2 a5 11. Na3 Na6 12. Rc1 c6 13. Nc4 cxd5 14. Bb6 Qe8 15. exd5 Qb5 16. Bd3 Kh8 17. a4 Qxd5 18. Be3 Bd8 19. Qc2 Nc5 20. Rcd1 Qe6 21. Ng3 Nxd3 22. Qxd3 d5 23. Na3 Bb6 24. Rfe1 Bd7 25. Nb5 Rfe8 26. Kh1 Bxb5 27. Qxb5 Bxe3 28. Rxe3 Qc6 29. Qb3 g6 30. Rde1 Nd7 31. Rd3 Nb6 32. Qd1 Rad8 33. b3 Kg7 34. Qd2 h6 35. Rd1 Rc8 36. c4 dxc4 37. Rd6 c3 38. Qc2 Qc5 39. Ne4 Qb4 40. g4 Re7 41. g5 hxg5 42. Nxg5 Qf4 43. Rg1 Rc6 44. Rg4 Qe3 45. Rd3 Qe1+ 46. Rg1 Qh4 47. Rg4 Qh5 48. Ne4 f5 49. Ng3 Qh3 50. Nxf5+ Kf6 51. Qc1 Nd5 52. Nxe7 Nxe7 53. Rxc3 Kf7 54. Rg3 Rxc3 55. Qxc3 Qf1+ 56. Rg1 Qf2 57. Qc4+ Kf6 58. Qe4 b6 59. Qg4 Qe3 60. Qh4+ Ke6 61. Qc4+ Kf6 62. Rf1 Nf5 63. f4 e4 64. b4 axb4 65. Qxb4 Kf7 66. Qe1 Qd4 67. Qd1 Qc5 68. Qb3+ Kf6 69. Rb1 e3 70. Qxb6+ Qxb6 71. Rxb6+ Kf7 72. Kg1 Nd4 73. Kf1 1-0

[Event "EU-ch Amateur U2000"]
[Site "Niksic"]
[Date "2018.06.16"]
[Round "4"]
[White "Jeknic, Velimir"]
[Black "Djurovic, Peko"]
[Result "1/2-1/2"]
[WhiteElo "1922"]
[BlackElo "1766"]
[PlyCount "24"]
[EventDate "2018.06.14"]
[EventType "swiss"]
[EventRounds "9"]
[EventCountry "MNE"]
[SourceTitle "EXT 2019"]
[Source "ChessBase"]
[SourceDate "2018.10.10"]
[SourceVersion "1"]
[SourceVersionDate "2018.10.10"]
[SourceQuality "1"]

1. e4 c5 2. Nf3 Nc6 3. d4 cxd4 4. Nxd4 Nf6 5. Nc3 e5 6. Nf3 Bb4 7. Bg5 h6 8. Bxf6 Qxf6 9. Qd3 d6 10. Be2 Be6 11. 0-0 Bxc3 12. bxc3 Rd8 1/2-1/2

[Event "EU-ch Amateur U2000"]
[Site "Niksic"]
[Date "2018.06.16"]
[Round "3"]
[White "Ruzic, Pia Marie"]
[Black "Jeknic, Velimir"]
[Result "0-1"]
[WhiteElo "1737"]
[BlackElo "1922"]
[PlyCount "54"]
[EventDate "2018.06.14"]
[EventType "swiss"]
[EventRounds "9"]
[EventCountry "MNE"]
[SourceTitle "EXT 2019"]
[Source "ChessBase"]
[SourceDate "2018.10.10"]
[SourceVersion "1"]
[SourceVersionDate "2018.10.10"]
[SourceQuality "1"]

1. c4 e5 2. Nc3 Nf6 3. Nf3 Nc6 4. g3 d5 5. cxd5 Nxd5 6. Bg2 Be6 7. 0-0 Be7 8. d4 Nxc3 9. bxc3 exd4 10. Nxd4 Nxd4 11. cxd4 c6 12. a4 0-0 13. Rb1 Qd7 14. Qd3 Rad8 15. Ba3 Rfe8 16. Bxe7 Rxe7 17. Qa3 Bc4 18. Bf3 Bxe2 19. Rfe1 Rde8 20. Bxe2 Rxe2 21. Rxe2 Rxe2 22. Qc5 b6 23. Qc4 Qe8 24. Qc3 h6 25. Rc1 Qe4 26. Qc4 Rd2 27. Qxc6 Rd1+ 0-1

[Event "Podgorica Buducnost op 3rd"]
[Site "Podgorica"]
[Date "2017.12.22"]
[Round "1"]
[White "Jeknic, Velimir"]
[Black "Milovic, Jovan"]
[Result "0-1"]
[WhiteElo "1902"]
[BlackElo "2274"]
[PlyCount "130"]
[EventDate "2017.12.22"]
[EventType "swiss"]
[EventRounds "7"]
[EventCountry "MNE"]
[SourceTitle "CBM 182 Extra"]
[Source "ChessBase"]
[SourceDate "2018.02.23"]
[SourceVersion "1"]
[SourceVersionDate "2018.02.23"]
[SourceQuality "1"]

1. e4 Nc6 2. d4 d5 3. e5 f6 4. f4 Nh6 5. c3 Bg4 6. Be2 Bxe2 7. Qxe2 e6 8. Nf3 Qd7 9. 0-0 f5 10. b4 Be7 11. a4 0-0 12. a5 Nf7 13. Na3 Kh8 14. Nc2 Rg8 15. Ng5 Ncd8 16. Rf3 g6 17. Ne1 h6 18. Rh3 Kg7 19. Ngf3 a6 20. Bd2 h5 21. Ng5 Nxg5 22. fxg5 Nf7 23. Nf3 Qb5 24. Qxb5 axb5 25. Rg3 Ra6 26. h4 b6 27. c4 dxc4 28. Ne1 bxa5 29. Nc2 a4 30. Bc3 Rd8 31. Rd1 c5 32. d5 cxb4 33. Bxb4 Bxb4 34. Nxb4 Rb6 35. Re3 Kf8 36. d6 Ke8 37. Kf2 Kd7 38. Kf3 Ra8 39. Kf4 Nd8 40. g4 fxg4 41. Rf1 Nc6 42. Ke4 Nxb4 43. Rf7+ Kc8 44. Re1 Kb8 45. Ref1 Rb7 46. Re7 Ka7 47. Rxe6 a3 48. Rxg6 a2 49. Ra1 Kb6 50. d7+ Kc7 51. Rg7 Rba7 52. e6 Ra3 53. d8Q+ Kxd8 54. Rd7+ Ke8 55. g6 Kf8 56. e7+ Ke8 57. Rb7 Nc6 58. Kf4 Nxe7 59. Re1 a1Q 60. Rbxe7+ Kf8 61. Rf7+ Kg8 62. Rxa1 Rxa1 63. Kg5 g3 64. Kh6 g2 65. Rg7+ Kf8 0-1

[Event "MNT-ch sf"]
[Site "Niksic"]
[Date "2017.02.18"]
[Round "3"]
[White "Pecurica, Milos"]
[Black "Jeknic, Velimir"]
[Result "1-0"]
[WhiteElo "2199"]
[BlackElo "1940"]
[PlyCount "55"]
[EventDate "2017.02.17"]
[EventType "swiss"]
[EventRounds "7"]
[EventCountry "MNE"]
[SourceTitle "CBM 177 Extra"]
[Source "ChessBase"]
[SourceDate "2017.04.27"]
[SourceVersion "1"]
[SourceVersionDate "2017.04.27"]
[SourceQuality "1"]

1. d4 Nf6 2. c4 g6 3. Nc3 Bg7 4. e4 d6 5. Nf3 0-0 6. Be2 e5 7. d5 h6 8. Be3 Ng4 9. Bd2 f5 10. h3 Nf6 11. exf5 gxf5 12. Qc1 f4 13. g3 e4 14. Nh4 e3 15. fxe3 fxg3 16. Ng6 Re8 17. Qc2 Ne4 18. Nxe4 Bf5 19. Bd3 Bxg6 20. Nxg3 Qh4 21. Rg1 Bxd3 22. Qxd3 Nd7 23. 0-0-0 Ne5 24. Qc2 Rf8 25. Nf5 Rxf5 26. Qxf5 Qxc4+ 27. Bc3 Rf8 28. Rxg7+ 1-0